Technický rozvoj a ekonomický rast

Enregistré dans:
Détails bibliographiques
Auteur principal: Bacová, Viera
Format: Livre
Langue:slovaque
Publié: Bratislava Pravda 1970
Tags: Ajouter un tag
Pas de tags, Soyez le premier à ajouter un tag!

MARC

LEADER 00000nam a2200000 4500
001 c111603
005 20230116122845.7
041 0 |a slo 
044 |a SK 
245 1 0 |a Technický rozvoj a ekonomický rast  |c Viera Bacová 
264 1 |a Bratislava  |b Pravda  |c 1970 
300 |a 211 s. 
100 1 |a Bacová, Viera